[Event "Terres Catalanes 15th"]
[Site "Ampuriabrava"]
[Date "1997.09.22"]
[Round "5"]
[White "Cifuentes Parada, Roberto"]
[Black "Garcia Ilundain, David"]
[Result "1-0"]
[WhiteElo "2555"]
[BlackElo "2495"]
[Annotator "Cifuentes Parada,L"]
[PlyCount "65"]
[EventDate "1997.09.17"]
[EventType "tourn"]
[EventRounds "9"]
[EventCountry "ESP"]
[EventCategory "10"]
[SourceTitle "CBM 062"]
[Source "ChessBase"]
[SourceDate "1998.01.31"]
[SourceVersion "1"]
[SourceVersionDate "1998.01.31"]
[SourceQuality "1"]

1. d4 {Ftacnik} Nf6 2. c4 e6 3. g3 Bb4+ 4. Bd2 Qe7 5. Bg2 O-O 6. Nf3 Bxd2+ 7.
Nbxd2 d6 8. O-O e5 9. e4 a5 10. Qb3 $5 {N} (10. Re1 {Ftacnik} Nc6 11. d5 Nb8
12. b3 (12. Nb1 Na6 13. Nc3 Nc5 14. b3 Bd7 15. Qd2 c6 16. Rad1 Rfd8 {1/2-1/2
Velikov,P-Hulak,K/Marseille 1990/}) 12... Ng4 13. h3 Nh6 14. a3 f5 15. exf5
Bxf5 16. Ne4 Nd7 17. Nfg5 Nc5 18. Nxc5 Qxg5 19. Ne4 Bxe4 20. Rxe4 Nf5 21. Qd3
Qf6 22. Rf1 h5 23. f4 Qg6 24. Rf3 h4 {Knudsen,P-Ochsner,T/Soro op 1982/0-1 (42)
}) (10. Qc2 {Ftacnik} Nc6 (10... Re8 11. d5 Na6 12. a3 Bd7 13. b3 b6 14. Rfe1
g6 15. Nh4 Nh5 16. Bf1 Rf8 17. Ng2 f5 18. f3 fxe4 19. fxe4 Qf7 20. Nb1 Nc5 21.
Nc3 a4 22. bxa4 Nf6 23. Bd3 Ng4 {0-1 Ivarson,P-Woods,D/Hallsberg opJ 1993/ (31)
}) 11. d5 Nb8 12. b3 (12. Ne1 c6 13. Nd3 Na6 14. dxc6 bxc6 15. c5 Nxc5 16. Nxc5
dxc5 17. Rfc1 Rd8 18. Nb3 c4 19. Qxc4 a4 20. Nc5 Rd4 21. Qc3 Nd7 22. Qa3 Rb8
23. Bh3 Nxc5 24. Bxc8 Rdb4 25. Bh3 Nxe4 26. Rxc6 Nxf2 {Toth,B-Wirthensohn,H/
Biel 1981/0-1 (41)}) 12... Na6 13. a3 Nh5 14. Nh4 g6 15. Qc3 Nc5 16. b4 Na4 17.
Qc2 Bd7 18. Nb3 axb4 19. axb4 b6 20. Ra2 Nf4 21. Rfa1 Nxg2 22. Kxg2 b5 23. cxb5
Bxb5 24. Na5 Nb6 {0-1 Lausen,B-Zatschek,M/NRW-Liga I 1997/ (41)}) 10... exd4 $6
(10... Nc6 11. d5 Nb4 (11... Nb8 {Ftacnik} 12. Qc3 Nbd7 13. b3 Nc5 14. Nh4 b6
15. a3) 12. Qc3 Bg4 13. Nh4 $1 $14 (13. a3 $5 Na6 14. b4 $14)) 11. Nxd4 Na6 (
11... Nc6 {Ftacnik} 12. Nxc6 bxc6 13. f4 Re8 14. Rfe1 $14) 12. Rfe1 Nc5 13. Qc3
Bd7 14. h3 $1 $14 {Con la idea de jugar Re3-Rae1, f4-e5} g6 (14... Rfe8 {
Ftacnik} 15. Re3 $1) 15. Re3 Na4 16. Qc2 Nh5 17. Rae1 (17. f4 {Ftacnik} g5 $1
$11) 17... Rae8 (17... Qf6 $2 18. e5 $1 dxe5 19. Nb5 Bxb5 20. cxb5 Nb6 21. Rxe5
$18) 18. Nb5 $1 {Black's play doesn't offer a sound impression, without the
bishop on g7 white's life is much easier. Schwarze Spiel macht kein gesunder
Eindruck, ohne Laufer am g7 ist weisses Leben viel einfacher.} Nc5 $1 (18...
Bxb5 19. cxb5 Nc5 20. Nc4 a4 21. e5 $16) 19. Qc3 (19. Nxc7 $2 Ba4 20. b3 Qxc7 (
20... Bxb3 {Ftacnik} 21. Nxb3 Qxc7 22. Nd4 $16) 21. bxa4 Qd7 $14) 19... c6 $8
20. Nd4 Qd8 (20... b6 {Ftacnik} 21. e5 dxe5 22. Nxc6 Bxc6 23. Bxc6 Nd7 24. Nf3
$16) 21. b3 Re7 22. Nc2 Rfe8 23. Qd4 $1 Re6 $2 (23... Bc8 $1 24. a3 $14) (23...
b6 {Ftacnik} 24. f4 $14 (24. Qxd6 $140 {Ftacnik} Bxh3 $15)) 24. e5 $1 $16 {
Ftacnik: Black is losing the strategical fight. Ftacnik: Schwarz verliert
jetzt den strategischer Kampf.} Rxe5 (24... Qb8 {Ftacnik} 25. exd6 b6 (25...
Rxe3 26. Rxe3 Rxe3 27. Nxe3 $16) 26. Nf3 $16) 25. Rxe5 (25. Qxd6 $2 Rxe3 26.
Rxe3 Be6 $1 $11) 25... Rxe5 (25... dxe5 {Ftacnik} 26. Qxc5 Bf5 27. Ne4 $18) 26.
Rxe5 $1 (26. Qxd6 Rxe1+ 27. Nxe1 Qf8 28. Qc7 $1 $14) 26... dxe5 27. Qxc5 Bf5
28. Ne3 $1 (28. Ne4 $5 {Ftacnik} Qd1+ 29. Kh2 Qxc2 30. Nd6 $16) 28... Qxd2 29.
Qxe5 (29. g4 $1 Nf4 (29... Qe1+ 30. Nf1 Nf4 31. gxf5 gxf5 32. Qe3 $16) 30. gxf5
Nd3 (30... Qxf2+ {Ftacnik} 31. Kxf2 Nd3+ 32. Ke2 Nxc5 33. Ng4 Nd7 34. a3 $16)
31. Nf1 $1 Qxa2 (31... Nxc5 32. Nxd2 gxf5 $18) 32. Qe3 $16) 29... Qe1+ $2 (
29... Bd7 $8 30. g4 (30. Qb8+ Kg7 31. g4 Nf6 32. Qxb7 $16 (32. g5 {Ftacnik} Nh5
33. Qxb7 Nf4 34. Qc7 $14)) 30... Ng7 31. Qb8+ Be8 32. Qxb7 $18) 30. Bf1 $1 Bd7
(30... Bxh3 $2 {Ftacnik} 31. Qe8+ Kg7 32. Nf5+ Bxf5 33. Qxe1 $18) (30... Be6 {
Ftacnik} 31. g4 Ng7 32. Qb8+ $18) 31. Qb8+ $1 Kg7 32. g4 $1 Nf6 33. Qe5 (33.
Qe5 {Ftacnik} Qd2 (33... h6 34. Nf5+ $18) 34. g5 $18) 1-0

[Event "Terres Catalanes 15th"]
[Site "Ampuriabrava"]
[Date "1997.09.23"]
[Round "6"]
[White "Cifuentes Parada, Roberto"]
[Black "Vehi Bach, Victor Manuel"]
[Result "1/2-1/2"]
[WhiteElo "2555"]
[BlackElo "2395"]
[Annotator "Cifuentes Parada,L"]
[PlyCount "70"]
[EventDate "1997.09.17"]
[EventType "tourn"]
[EventRounds "9"]
[EventCountry "ESP"]
[EventCategory "10"]
[SourceTitle "CBM 062"]
[Source "ChessBase"]
[SourceDate "1998.01.31"]
[SourceVersion "1"]
[SourceVersionDate "1998.01.31"]
[SourceQuality "1"]

1. d4 Nf6 2. c4 e6 3. g3 Bb4+ 4. Bd2 Be7 5. Bg2 d5 6. Nf3 O-O 7. O-O c6 8. Qc2
b6 9. Bf4 Ba6 10. Nbd2 Nbd7 11. Rac1 $6 (11. Rfe1 Nh5 12. Be5 $1) 11... Nh5 $1
12. Be3 Bb7 13. cxd5 exd5 14. Qf5 g6 15. Qd3 a5 16. Rfe1 Re8 17. Bh6 c5 18. b3
(18. e4 cxd4 19. exd5 Nc5 20. Qxd4 Qxd5 21. g4 Qxd4 22. Nxd4 Bxg2 23. Kxg2 Nf6
24. Nc6 Bf8 25. Bxf8 Kxf8 $15) 18... Bf6 19. e3 Ng7 20. h4 Ne6 21. Nb1 a4 22.
Red1 axb3 23. axb3 Qe7 24. Nc3 cxd4 25. exd4 Qb4 26. Qb5 Qd6 27. Ne5 $1 Nxe5 $8
28. dxe5 Bxe5 29. Bxd5 $2 (29. Be3 $1 Bc6 30. Qxb6 Reb8 31. Nxd5 Rxb6 32. Nxb6
Qb4 33. Bxc6 Ra6 34. Rd5 Nd4 $2 35. Rd8+ Kg7 36. Rxd4 $1 Qxb6 $8 37. Ra4 $16) (
29. Nxd5 Nd4 30. Qxb6 Ne2+ 31. Kf1 Bxd5 32. Qxd6 Bxg2+ 33. Kxg2 Bxd6 34. Rxd6
Nxc1 35. Bxc1 $11) 29... Nd4 (29... Bd4 $5 30. Bf4 Nxf4 31. Bxb7 Rab8 32. Bc6
Re5 33. Qc4 Ne6 $11) 30. Bxb7 Nxb5 31. Rxd6 Nxd6 $1 (31... Nxc3 $2 32. Rxb6 $1
Ne2+ $1 (32... Rab8 33. Re1 $1 Re7 34. Rc6 Rexb7 35. Rxe5 Rxb3 36. Rec5 $1 Ne2+
37. Kf1 Re8 38. Rc8 Rb1+ 39. Bc1 $3 $18) 33. Kg2 Nxc1 34. Bxa8 Nxb3 35. Bd5 Nc5
$11) 32. Bxa8 Rxa8 33. Nd5 Nf5 $1 34. Nxb6 Re8 $1 $11 35. Bd2 Nd4 1/2-1/2

[Event "Malaga op 1st"]
[Site "Malaga"]
[Date "1998.02.??"]
[Round "4"]
[White "Cifuentes Parada, Roberto"]
[Black "Dgebuadze, Alexandre"]
[Result "1-0"]
[WhiteElo "2535"]
[BlackElo "2470"]
[Annotator "Cifuentes Parada,L"]
[PlyCount "77"]
[EventDate "1998.02.13"]
[EventType "swiss"]
[EventRounds "9"]
[EventCountry "ESP"]
[SourceTitle "CBM 064"]
[Source "ChessBase"]
[SourceDate "1998.06.02"]
[SourceVersion "1"]
[SourceVersionDate "1998.06.02"]
[SourceQuality "1"]

1. d4 e6 2. Nf3 Nf6 3. c4 Bb4+ 4. Bd2 Qe7 5. g3 Nc6 6. Bg2 Bxd2+ 7. Nbxd2 d6 8.
Nf1 $5 d5 (8... e5 9. Ne3 e4 $6 10. Nd2 Nxd4 $6 11. Nxe4 $14) (8... O-O 9. Ne3
e5 10. O-O a5 (10... e4 $6 11. Ne1 $5) (10... Re8 11. Rc1 exd4 12. Nxd4 Bd7 13.
Nb5 Rac8 14. Nd5 $6 (14. a3 Qe5 15. Nd5 Nxd5 (15... Qxb2 16. Nbxc7 Rxe2 (16...
Nxd5 17. Nxe8 $1 Nc3 18. Rxc3 Qxc3 19. Nxd6 Rb8 20. Nxb7 (20. Nxf7 Be8 21. Nd6
Qxa3 22. Qd5+ Kh8 23. Qe6 $1 (23. Rb1 Qa2 24. Re1 Qb2 25. Be4 Qf6 26. Bxh7 $1
Kxh7 27. Nxe8 Qg6 28. Nd6 Nb4 29. Qc5 a5 30. Rd1 b6 31. Qc7 (31. Qb5 Na2 32.
Qe5 Rd8 (32... a4 33. Rd4 Nb4 34. Rh4+ Kg8 35. Nf5 Rb7 36. Ne7+ Rxe7 37. Qxe7
$18) 33. Rd4 $18) 31... Qc2) 23... Bg6 24. Nxb7 $18) 20... Rxb7 21. Bxc6 $18)
17. Rb1 (17. Nxf6+ gxf6 18. Qxd6 (18. Nd5 $16) 18... Qe5 19. Qxd7 Rxc7 20. Qg4+
$16) 17... Qd2 (17... Qe5 $2 18. Nxf6+ gxf6 19. Rb5 Qe7 20. Nd5 $18) 18. Nxf6+
gxf6 19. Nd5 $16) 16. cxd5 Bg4 (16... Ne7 17. Nxc7 Red8 18. Qb3 $16) 17. f3 Bh5
18. e4 $16) 14... Nxd5 15. cxd5 Ne5 16. Nd4 c5 $132) 11. Rc1 Rd8 12. a3 a4 13.
Nd5 Nxd5 14. cxd5 Nb8 15. e3 Bg4 16. h3 Bh5 17. Qc2 c6 18. Nh4 Ra6 19. Rfe1 Qf6
20. Qf5 Qxf5 21. Nxf5 Kf8 {1/2-1/2 Garcia Ilundain,D-Suarez,Di/ESP-chT (08) ;
EXP 50 1995 (31)}) 9. a3 $1 {N} (9. Ne3 Qb4+ 10. Qd2 a5 11. Rc1 O-O 12. a3
Qxd2+ 13. Kxd2 Ne4+ 14. Ke1 Rd8 15. Rd1 Ra6 16. Ne5 Nf6 17. f4 Rb6 18. Rd2 h5
19. Kf2 Nxe5 20. dxe5 d4 21. Ke1 Nh7 22. Nd1 {1/2-1/2 Zysk,R-Hecht,H/BL 8889/
1989/ (41)}) 9... O-O 10. Ne3 Rd8 11. O-O (11. Qc2 $5 a5 12. O-O a4 13. Rfd1
Qd6 14. Rac1 $14) 11... dxc4 (11... e5 12. dxe5 Nxe5 13. Nxd5 Nxd5 14. cxd5 $16
) 12. Nxc4 e5 $5 (12... Nxd4 13. Nxd4 c5 14. Nc6 (14. e3 cxd4 15. exd4 Rb8 $11)
14... bxc6 15. Qc2 Nd5 16. Na5 $14) 13. Nfxe5 Nxd4 14. e3 Ne6 15. Qc2 a5 16. b3
Nc5 17. h3 $1 $14 Be6 18. b4 axb4 19. axb4 Rxa1 20. Rxa1 Bxc4 (20... Na6 21.
Rxa6 bxa6 22. Nc6 Qd7 23. Nxd8 Qxd8 24. Ne5 Qd6 25. Nc6 $14) 21. Nxc4 Na6 22.
b5 Nb4 23. Qb3 b6 24. Ra7 Qc5 25. Ne5 $1 Qxe5 $8 26. Qxb4 h5 27. Qf4 (27. Qc4
$5 Rd1+ (27... Ne8 28. Bc6 $16) 28. Kh2 Ne8 29. Ra8 Rd7 30. Bc6 Re7 31. Qf4 $16
) 27... Rd1+ 28. Kh2 Qxf4 29. gxf4 Nd5 30. Bf3 $1 Rd2 31. Kg1 $1 $16 (31. Ra8+
Kh7 32. Rd8 $2 Nxe3 $1 $17) 31... Nc3 32. Rxc7 Nxb5 33. Rc8+ Kh7 34. Bxh5 Nd6
35. Rb8 b5 36. Rb6 g6 37. Bf3 Kg7 38. Kf1 Kf8 39. Ke1 $138 1-0

[Event "Zagreb zt"]
[Site "Zagreb"]
[Date "1993.??.??"]
[Round "4"]
[White "Kozul, Zdenko"]
[Black "Hulak, Krunoslav"]
[Result "1-0"]
[WhiteElo "2550"]
[BlackElo "2540"]
[Annotator "Dautov,R"]
[PlyCount "71"]
[EventDate "1993.03.??"]
[EventType "tourn"]
[EventRounds "13"]
[EventCountry "CRO"]
[EventCategory "11"]
[SourceTitle "CBM 035"]
[Source "ChessBase"]
[SourceDate "1993.08.01"]
[SourceVersion "1"]
[SourceVersionDate "1993.08.01"]
[SourceQuality "1"]

1. d4 {Kortschnoj} Nf6 2. c4 e6 3. Nf3 Bb4+ 4. Nbd2 b6 5. a3 Bxd2+ 6. Bxd2 Bb7
7. Bg5 d6 8. e3 Nbd7 9. Bh4 $5 (9. Bd3 h6 10. Bh4 g5 11. Bg3 h5 $132) 9... a5
$6 {N} (9... c5 10. Bd3 O-O 11. O-O cxd4 12. exd4 d5 13. cxd5 Bxd5 14. Ne5 Qc7
15. Qe2 Rac8 16. Rfe1 Bb7 17. Rad1 Nd5 18. Qh5 N7f6 19. Qg5 Ne7 20. f3 $14 {
Karpov-Andersson/Biel/1990}) (9... h6 $5 10. Qc2 Qe7 11. Rd1 g5 $5 (11... O-O
12. Bd3 c5 13. O-O $14) (11... Be4 12. Qc3 g5 $6 13. Bg3 Bg6 14. Nd2 Nh5 15. c5
$1 O-O 16. cxd6 cxd6 17. Ba6 f5 18. f3 Ndf6 19. Bf2 $16 {Epishin-Hort/San
Bernardino/1992}) 12. Bg3 Ne4 13. d5 (13. Nd2 $5) 13... Ndf6 14. Nd4 h5 15. f3
h4 16. Bf2 Nxf2 17. Kxf2 g4 $36 {Aseev-Kengis/Daugavpils/1989}) 10. Bd3 Nf8 11.
O-O Ng6 12. Bg3 {/\Nd2+/-} Ne4 13. Nd2 Nxg3 14. fxg3 $1 {|^>>} O-O (14... Qg5
15. Qa4+ Ke7 (15... c6 16. Rae1 $16 {><d6,b6}) 16. Rae1 $16) 15. Qh5 f5 (15...
Qe7 16. g4 $1 {/\Nf3} (16. Nf3 Bxf3 17. Rxf3 e5 $132) 16... f5 17. gxf5 exf5
18. Rae1 $16) 16. Nf3 (16. e4 $1 f4 $8 (16... fxe4 $6 17. Nxe4 $16) 17. Nf3
fxg3 (17... Rf6 18. Ng5 h6 19. gxf4 hxg5 (19... Nxf4 20. Rxf4 Rxf4 21. Nxe6 Qf6
22. Nxf4 Qxf4 23. Qe2 $16) 20. e5 (20. fxg5 Rxf1+ 21. Rxf1 Qe8 22. e5 Nf8 $13)
20... dxe5 21. Bxg6 Qxd4+ 22. Kh1 Rxg6 23. Qxg6 exf4 24. Qxe6+ $16) 18. Ng5
gxh2+ 19. Kh1 Rxf1+ 20. Rxf1 Nf8 21. e5 $16 {->}) (16. g4 Qe8 $1 $8 17. gxf5
exf5 18. Qh3 Ne7 $132) 16... Qe8 17. g4 Ne7 18. Qh3 Rf6 19. Rae1 (19. g5 $5)
19... Qa4 $2 (19... Rh6 {>=} 20. Qg3 fxg4 (20... Rg6 $6 21. g5 h6 22. h4 hxg5
23. hxg5 Bxf3 24. Rxf3 $16) 21. Qxg4 Qh5 22. Qxh5 Rxh5 23. g4 Rh6 24. Ng5 Rh4
$132) 20. g5 Rff8 21. e4 Ng6 (21... Qb3 22. g6 h6 23. Ng5 $16) 22. Nd2 $16 Bc8
23. exf5 exf5 24. Qh5 $1 {/\Re3-h3} (24. Bxf5 Bxf5 25. Rxf5 Qc2 26. Rxf8+ Rxf8
27. Qc3 Qxc3 28. bxc3 $16) 24... Bd7 25. Re3 f4 26. Re7 Bf5 (26... Rae8 $2 27.
b3 Qc6 28. Be4 $18) 27. Bxf5 Rxf5 28. Rxc7 Qc2 29. Nf3 Qxb2 30. Qg4 Raf8 31. h4
$18 Nh8 32. Re1 g6 (32... Qxa3 33. h5 {/\Ree7,g6+-}) 33. h5 Nf7 34. Re6 Nh8 35.
Rxh7 $1 Kxh7 36. hxg6+ 1-0

[Event "Bundesliga 0001"]
[Site "Germany"]
[Date "2001.01.27"]
[Round "6.1"]
[White "Onischuk, Alexander"]
[Black "Dautov, Rustem"]
[Result "1/2-1/2"]
[WhiteElo "2627"]
[BlackElo "2606"]
[Annotator "Dautov,R"]
[PlyCount "84"]
[EventDate "2000.10.14"]
[EventType "team-tourn"]
[EventRounds "15"]
[EventCountry "GER"]
[SourceTitle "CBM 081"]
[Source "ChessBase"]
[SourceDate "2001.03.20"]
[SourceVersion "1"]
[SourceVersionDate "2001.03.20"]
[SourceQuality "1"]
[WhiteTeam "Magdeburg USC"]
[BlackTeam "Godesberg"]
[WhiteTeamCountry "GER"]
[BlackTeamCountry "GER"]

1. d4 Nf6 2. c4 e6 3. g3 d5 4. Nf3 Bb4+ 5. Bd2 Be7 6. Bg2 O-O 7. O-O c6 8. Qb3
Nbd7 9. Nc3 (9. Rc1 Ne4 10. Bb4 Bxb4 11. Qxb4 Qb6 12. Qb3 Ndf6 13. Nc3 Rd8 14.
e3 dxc4 15. Qc2 Nd6 16. e4 Nd7 17. Rd1 Nf8 18. Qe2 Qa6 19. e5 Nf5 20. Ne4 $44 {
Romanishin,O-Kharitonov,A/Lvov (zt) 1990}) (9. Bb4 Bxb4 10. Qxb4 b6 11. cxd5
Nxd5 12. Qd2 Ba6 13. Rc1 c5 14. Nc3 Nxc3 15. Rxc3 Bb7 16. Rd1 Qe7 $11 {1/2-1/2
Kachiani Gersinska,K-Chuchelov,V/Willingen 1999}) 9... Nb6 10. c5 ({Harmlos ist
} 10. cxd5 exd5 11. Ne5 Be6 12. a4 a5 13. Rad1 Ne4 14. Bf4 Nd6 $11 {Dyachkov,
S-Sorokin,M/Elista 1995}) 10... Nc4 11. Bf4 (11. Qc2 b6 12. b4 bxc5 (12... a5
$5 13. a3 Ba6 $11) 13. bxc5 Nxd2 14. Qxd2 {1/2-1/2 Sosonko,G-Kortschnoj,V/
Jerusalem 1986} Ba6 $11) 11... b6 12. Na4 $2 $146 {Eine zweifelhafte Neuerung.
Weiß sollte lieber der Partie Conquest-Ribli folgen.} (12. cxb6 axb6 13. Qc2
Bb7 (13... c5 $5) 14. b3 Nd6 15. Na4 Rc8 16. Rac1 Nde4 17. Ne5 c5 18. Qb2 Bd6
19. f3 b5 20. fxe4 bxa4 21. bxa4 Ba6 22. Nxf7 Rxf7 23. Bxd6 Qxd6 24. e5 $16 {
Conquest,S-Ribli,Z/Germany 1987}) 12... Nd7 13. Qc3 (13. cxb6 axb6 $15) 13...
bxc5 14. b3 Ncb6 ({In Frage kam auch} 14... Qa5 $5 {, womit Schwarz einen
Mehrbauern behalten konnte. Weiß hätte dafür Kompensation:} 15. Qxa5 (15. bxc4
Qxa4 $17) (15. Qc2 Na3 16. Qc1 c4 $17) 15... Nxa5 16. Bc7 $1 (16. Rfc1 cxd4 17.
Bd2 Nb7 18. Nxd4 Bf6 $17) (16. Rac1 Ba6 $1 17. Rfe1 c4 $17) (16. Nxc5 Nxc5 17.
dxc5 Bxc5 18. Rfc1 Ba3 19. Rc2 Ba6 $17) 16... Nb7 17. Rac1 $44 {Schlecht ist z.
B.} cxd4 $2 18. Nxd4 c5 19. Nc6 Bf6 20. e4 $36 {, und Weiß entwickelt eine
gefährliche Initiative.}) 15. Nxc5 Nxc5 16. dxc5 Nd7 17. Bd6 $2 {Danach gerät
Weiß wegen der Schwäche auf d6 in Schwierigkeiten. Er sollte bereits sehr
vorsichtig spielen, um den Ausgleich zu behaupten.:} (17. b4 $2 Bf6 18. Be5 (
18. Ne5 $2 g5 $19) 18... Nxe5 19. Nxe5 a5 20. a3 axb4 21. axb4 d4 $19) (17. Ne5
Nxe5 18. Bxe5 f6 19. Bf4 e5 20. Bd2 Ba6 $15) (17. Rac1 $1 Ba6 18. Rfe1 Bxc5 (
18... Bf6 19. Qd2 e5 20. Bg5 $11) 19. b4 Bb6 20. Qxc6 Rc8 21. Qa4 Rxc1 22. Bxc1
$11) 17... Bxd6 18. cxd6 Ba6 $1 19. Rfc1 (19. Qxc6 Bxe2 20. Rfe1 (20. Rfc1 $4
Bxf3 21. Bxf3 Ne5 22. Qc3 d4 $19) 20... Bxf3 (20... Rc8 21. Qb7 Nc5 22. Qxa7
Bxf3 23. Bxf3 Qxd6 24. Rec1 $11) 21. Bxf3 Nf6 $1 {, und Schwarz gewinnt den
exponierten Bauern d6:} (21... Nb6 $5) 22. Rac1 Qb8 23. Qc7 Rd8 24. Qxb8 Raxb8
25. Rc7 Ra8 26. Rec1 Ne8 $17) (19. Rfe1 c5 20. b4 Qb6 21. bxc5 Nxc5 $17) 19...
c5 20. b4 $6 (20. e4 $5 d4 21. Qc2 e5 (21... Rc8 $5 22. e5 f6 $36) 22. Bh3 Rc8
23. Bxd7 Qxd7 24. Nxe5 Qxd6 25. Nc4 Qe6 $15) 20... Rc8 $6 {Hier unterschätzte
ich den nächsten Zug von Onishchuk.} ({Viel einfacher wäre das Spiel nach} 
20... cxb4 $1 21. Qxb4 Bxe2 22. Nd4 Bc4 23. Rxc4 (23. Nc6 Qb6 24. Rxc4 dxc4 25.
Qxc4 Kh8 $17) 23... Rb8 24. Qc3 dxc4 25. Nc6 Qf6 26. Qxf6 Nxf6 27. Nxb8 Rxb8
28. Rc1 Rc8 29. Rc3 Kf8 $17 {, und Schwarz behält seinen Mehrbauern im
Endspiel.}) 21. e4 $1 $132 (21. Qe3 Qb6 $17) 21... dxe4 (21... Qb6 22. exd5
exd5 23. bxc5 Rxc5 24. Qa3 Rfc8 (24... Qxd6 25. Rxc5 Nxc5 26. Rc1 Rc8 27. Nd4
$44) 25. Rxc5 Rxc5 26. Re1 $132) 22. Nd2 f5 23. Qb3 cxb4 24. Qxe6+ Kh8 25. Nb3
$2 ({Mit} 25. Rc7 $1 {könnte Weiß den Übergang in ein remisträchtiges Endspiel
erzwingen:} Qf6 (25... Nc5 26. Qe5 Rxc7 27. dxc7 Qxd2 28. Qxc5 $11) (25... Rxc7
26. dxc7 Qc8 27. Rc1 $44) 26. Qxf6 Nxf6 27. Rxa7 Rc6 28. d7 Rd6 29. Rb1 Rxd2
30. Rxa6 Rxd7 31. Rxb4 Rd1+ 32. Bf1 $11) 25... Nb6 $17 {Letzten Endes gelang
es Schwarz seinen Materialvorteil zu behalten und das Gegenspiel des Gegners
einzudämmen. Nur die Zeit wurde langsam knapp...} 26. Nd4 $2 Rf6 27. Qe7 Rxd6
28. Qxd8+ Rdxd8 29. Nc6 Rd2 30. Nxb4 Bc4 $19 31. Rc2 Rxc2 32. Nxc2 g6 33. f3
exf3 $2 {Der erste, aber nicht der letzte Zeitnotfehler, man sollte nicht
zulassen, daß der weiße Läufer aktiviert wird. Stattdessen sollte der schwarze
König sofort ins Zentrum laufen.} (33... Kg7 $1 34. fxe4 Bd3 35. Nd4 (35. Ne3
fxe4 $19) (35. Ne1 Bxe4 36. Bxe4 fxe4 37. Kf2 Kf6 $19) 35... fxe4 36. Re1 Kf6
37. Bxe4 Re8 $19) 34. Bxf3 Kg7 (34... Be2 $5 35. Bxe2 Rxc2 36. Bf3 Kg7 $17) 35.
Nd4 Kf6 36. Nc6 a6 37. Rd1 Ke6 $2 ({Mit} 37... Re8 $1 {hätte Schwarz gute
Gewinnchancen behalten können.}) 38. Nd4+ Kf6 39. Nc6 Ke6 $2 40. Nd8+ Ke5 $2 (
40... Ke7 $1 41. Nc6+ Ke8 42. Rd6 Bb5 $17 {war die letzte Möglichkeit, auf
Gewinn zu spielen.}) 41. Nc6+ Ke6 42. Nd8+ Kf6 {, und Weiß reklamierte Remis,
da nach 43.Nc6 die Stellung zum dritten Mal wiederholt wird.} 1/2-1/2

[Event "Linares 11th"]
[Site "Linares"]
[Date "1993.??.??"]
[Round "3"]
[White "Gelfand, Boris"]
[Black "Timman, Jan H"]
[Result "1/2-1/2"]
[WhiteElo "2690"]
[BlackElo "2635"]
[Annotator "Dautov,R"]
[PlyCount "109"]
[EventDate "1993.02.??"]
[EventType "tourn"]
[EventRounds "13"]
[EventCountry "ESP"]
[EventCategory "18"]
[SourceTitle "CBM 034"]
[Source "ChessBase"]
[SourceDate "1993.06.01"]
[SourceVersion "1"]
[SourceVersionDate "1993.06.01"]
[SourceQuality "1"]

1. d4 Nf6 2. c4 e6 3. Nf3 Bb4+ 4. Nbd2 d5 5. Qa4+ Nc6 6. a3 Bxd2+ 7. Bxd2 O-O (
7... Ne4 $1) 8. e3 Ne4 9. Rd1 (9. Qc2 $1 a5 (9... Bd7 10. Bd3 f5 11. b4 $14)
10. Bd3 Nxd2 11. Nxd2 h6 12. O-O a4 13. Rac1 Bd7 14. Nf3 Qf6 15. Qc3 $14 {
Dautov,R-Savchenko,S Leningrad 1989}) 9... Qf6 $6 (9... Bd7 10. Qc2 Be8 11. Be2
f6 12. b4 $14) 10. Bd3 Qg6 {N} (10... Nd6 11. O-O dxc4 12. Bxc4 Bd7 (12... e5
13. dxe5 Nxe5 14. Nxe5 Qxe5 15. Bc3 $14) 13. Bd3 e5 14. d5 e4 15. Bxe4 Ne5 16.
Qd4 Nxf3+ 17. Bxf3 $16 {Lputian,S-Kurajica,B Sarajevo 1985}) 11. O-O Nc5 12.
Qxc6 (12. dxc5 Qxd3 13. cxd5 exd5 14. Bc3 Qe4 $10) 12... Nxd3 13. Qxc7 Nxb2 14.
Bb4 (14. Ne5 $142 $1 Qf6 15. Rc1 Nxc4 16. Nxc4 dxc4 17. Rxc4 Qd8 (17... b6 18.
Ra4 Qd8 19. Rxa7 $16 Qxc7 20. Rxc7 Rxa3 $4 21. Bb4 $18) 18. Rfc1 b6 19. Bb4 Re8
20. Qxd8 Rxd8 21. Be7 Re8 22. Rc7 f6 (22... f5 $2 23. Bd6 $16) 23. e4 $16)
14... Re8 15. Ne5 Qf6 16. cxd5 (16. Rc1 Nxc4 17. Nxc4 dxc4 18. Rxc4 b6 19. Rfc1
Ba6 20. Rc6 h6 $10) 16... Nxd1 17. d6 Nb2 18. d7 Bxd7 19. Qxd7 {/\Bc3+-} Rac8
20. Qxb7 a5 $1 (20... Nc4 21. Nc6 $14) 21. Bxa5 Nc4 22. Nxc4 Rxc4 23. Bb4 Rcc8
(23... Rec8 $2 24. Bc5 Qd8 25. Qb3 $16 Qd5 $2 26. e4 $18) 24. Qb5 h6 25. a4 Rb8
26. Qc4 Qf5 $10 27. Bc5 (27. a5 Qb5 $10) 27... Rb1 28. a5 Reb8 29. Bb6 Qb5 30.
Qxb5 Rxb5 31. Ra1 Ra8 32. Rc1 e5 $1 33. g3 exd4 34. exd4 Rbxa5 35. Bxa5 Rxa5
36. Kg2 Kf8 37. Re1 (37. Kf3 Ke7 38. Rc7+ Ke6 39. Ke4 Ra2 40. d5+ Kf6 $10)
37... Ra4 38. Rd1 (38. Re4 f5 39. Rf4 Ke7 $10) 38... Ra3 39. g4 Ke7 40. Re1+
Kd6 41. h4 Rd3 42. Re4 g5 $1 43. h5 Kd5 44. Re5+ Kd6 45. Re4 Kd5 46. Re8 Rxd4
47. Kg3 Rf4 48. Ra8 Rf6 49. Ra7 Ke5 50. f3 Rf4 51. Ra6 Rf6 52. Ra5+ Ke6 53. Ra7
Ke5 54. Kf2 Rf4 55. Ke3 1/2-1/2